Arboles frutales (Record no. 160582)

MARC details
000 -LEADER
campo de control de longitud fija 00844nam a2200217 i 4500
001 - NÚMERO DE CONTROL
campo de control 160582
003 - IDENTIFICADOR DE NÚMERO DE CONTROL
campo de control ES-MaACL
005 - FECHA Y HORA DE LA ÚLTIMA TRANSACCIÓN
campo de control 20230906212059.0
008 - DATOS DE LONGITUD FIJA--INFORMACIÓN GENERAL
campo de control de longitud fija 040928s1884 sp a |||| | spa d
040 ## - FUENTE DE CATALOGACIÓN
Centro catalogador/agencia de origen CAM
Lengua de catalogación spa
Centro/agencia transcriptor CAM
080 ## - NÚMERO DE LA CLASIFICACIÓN DECIMAL UNIVERSAL
Número de la Clasificación Decimal Universal 634.1
100 1# - ENTRADA PRINCIPAL--NOMBRE DE PERSONA
Nombre de persona Navarro Soler, Diego.
9 (RLIN) 130405
245 10 - MENCIÓN DEL TÍTULO
Título Arboles frutales
Resto del título : cultivo en macetas de los enanos y miniaturas, ó El huerto en los balcones /
Mención de responsabilidad, etc. por Diego Navarro y Soler.
260 ## - PUBLICACIÓN, DISTRIBUCIÓN, ETC.
Lugar de publicación, distribución, etc. Madrid :
Nombre del editor, distribuidor, etc. [s.n.],
Fecha de publicación, distribución, etc. 1884 (
Fabricante Estab. Tip. de P. Núñez)
300 ## - DESCRIPCIÓN FÍSICA
Extensión 304 p. :
Otras características físicas il. ;
Dimensiones 18 cm.
530 ## - NOTA DISPONIBLE DE FORMULARIO FÍSICO ADICIONAL
Nota de formato físico adicional disponible Disponible en formato digital.
650 #4 - PUNTO DE ACCESO ADICIONAL DE MATERIA--TÉRMINO DE MATERIA
Término de materia o nombre geográfico como elemento de entrada Fruticultura.
9 (RLIN) 12986
650 #4 - PUNTO DE ACCESO ADICIONAL DE MATERIA--TÉRMINO DE MATERIA
Término de materia o nombre geográfico como elemento de entrada Cultivo en macetas.
9 (RLIN) 161121
852 ## - LOCALIZACIÓN
Ubicación ES-MaACL
Número de control de estantería G-7871
Nota libre . - Enc. hol., conservando la cub. original
856 ## - LOCALIZACIÓN Y ACCESO ELECTRÓNICOS
Identificador Uniforme de Recursos <a href="http://bdh-rd.bne.es/viewer.vm?id=0000114580&page=1 ">http://bdh-rd.bne.es/viewer.vm?id=0000114580&page=1 </a>
Nota pública Biblioteca Digital Hispánica
Holdings
Estatus retirado Estado de pérdida Estado de daño No para préstamo Colección Biblioteca de origen Biblioteca actual Ubicación en estantería Fecha de adquisición Fuente de adquisición Total de préstamos Signatura topográfica completa Código de barras Visto por última vez Precio de reemplazo Tipo de ítem Koha
        Colección digital Biblioteca del Ateneo de Madrid Biblioteca del Ateneo de Madrid Sala Pecera Planta 3 17/01/2008     G-7871 1168142 23/02/2023 23/02/2023 Libro impreso antiguo